Представление документа в формате MARC21

Поле Инд. ПП Название Значение
Тип записи a
Библиографический уровень m
001 Контрольный номер RU/IS/BASE/390931322
005 Дата корректировки 20250318095115.4
008 Кодируемые данные 20120521
020 a ISBN 978-5-89847-350-1
040 b Код языка каталог. rus
e Правила каталог. PSBO
041 0_ a Код языка текста rus
084 a Индекс другой классификации/Индекс ББК 15.12я73; 22.18я73
090 a Полочн. индекс 15.12я73 испр.
x Авторский знак Д 536
100 1_ a Автор Дмитриевский С. Г.
q Полное имя Дмитриевский Сергей Геннадиевич
100 1_ a Автор Ососков Г. А.
q Полное имя Ососков Геннадий Алексеевич
245 10 a Заглавие Математическое моделирование
n Номер части/ раздела Ч.1
b Продолж. заглавия учебное пособие
c Ответственность Министерство образования Московской области; Международный университет природы, общества и человека "Дубна". Институт системного анализа и управления. Кафедра системного анализа и управления; рецензенты Б. Р. Гаджиев, А. В. Стадник; редактор В. В. Труба
260 a Место издания Дубна
b Издательство Международный университет природы, общества и человека "Дубна"
c Дата издания 2011
300 a Объем 86 с.
336 a Термин вида содержания Текст
337 a Термин типа средства непосредственный
504 a Библиография Список рек. лит.: с. 86
550 a Факультет/Кафедра/Подразделение Кафедра системного анализа и управления
a Факультет/Кафедра/Подразделение Институт системного анализа и управления
650 14 a Основная рубрика кибернетика
a Основная рубрика математическое моделирование
653 0_ a Ключевые слова вейвлет-анализ
a Ключевые слова искусственные нейронные сети (ИНС)
a Ключевые слова математическое моделирование
a Ключевые слова Монте-Карло метод
a Ключевые слова системы автоматического управления (САУ)
a Ключевые слова системы массового обслуживания (СМО)
a Ключевые слова численное интегрирование
a Ключевые слова ЭВМ
655 a Жанр/ форма (устаревшее) учебное пособие
700 12 a Автор Труба В. В.
e Роль лиц редактор
700 1_ a Автор Гаджиев Б. Р.
e Роль лиц рецензент
700 1_ a Автор Стадник А. В.
e Роль лиц рецензент
901 t Тип документа m
952 a Тип литературы для КСУ ВШ УИ
954 a Гриф 4.50.10